Statistiques concernant 20 plus grandes villes d'Oceanie(en ordre)

Cliquez ici pour prendre le quiz!

Statistiques générales

  • Ce quiz a été pris 26 fois
  • Le résultat moyen est 12 sur 20

Statistiques - réponses

PaysPopulationVilles% Correct
Australie4.9Melbourne
100%
Australie5.2Sydney
100%
Nueva Zelanda1.6Auckland
89%
Australie2.0Perth
89%
Australie1.3Adelaida
79%
Australie2.3Brisbane
79%
Nueva Zelanda381kChristchurch
68%
Papua Nueva Guinea364kPort Moresby
68%
Nueva Zelanda212kWellington
68%
Australie395kCanberra
63%
Australie540kGold Coast
58%
Fidji85kSuva
58%
Etats-Unis342kHonolulu
53%
Nueva Caledonia(France)99kNoumea
53%
Australie206kHobart
32%
Australie350kSunshine Coast
32%
Australie295kWollongong
32%
Australie322kNewcastle
26%
Australie253kGeelong
21%
Australie178kTownsville
11%

Distribution des résultats

Percentile par nombre de réponses

% des personnes avec chaque résultat

Votre développement - résultats

Vous n’avez pas pris ce quiz